00568nam a2200205 a 4500001001300000003000900013005001700022008004100039020002600080082001700106100001500123245003500138260004100173300000900214500003500223505003400258650002600292650002900318700001500347nice12345678IN_TiNIC20260116013733.0050524s1993 oxfa grp 000 0 eng  a185168 c519.2500a291.211bHIC aHick, John aGod and the Universe of Faith. aOxfordbOne World Publicationsc1993 a201p aincludes index and biblioraphy2 aBibliography, Glossary, Index aGod-Biblical Teaching aComparative Religion-God1 aHick, John